| 000 | 00894cam a2200229 4500 | ||
|---|---|---|---|
| 001 | ABS62355 | ||
| 008 | 000000n2000 000 0 eng u | ||
| 035 | _a(Sirsi) u106046 | ||
| 100 | _aOxtoby, H. | ||
| 245 | _aMake better use of property assets, councils told | ||
| 260 | _c2000 | ||
| 490 |
_aCSM _bChartered Surveyor Monthly _vMay 2000, 20(1) |
||
| 520 | _aDiscusses a study by the Audit Commission, "Hot property", which looks at the progress councils have made in managing their estates since 1988. The report contains many examples of authorities that achieve success and the DETR has suggested that it will reward such successes with enhanced capital allocations. | ||
| 590 | _aABS | ||
| 650 | _aLOCAL AUTHORITIES | ||
| 650 | _aASSET MANAGEMENT | ||
| 650 | _aPROPERTY PORTFOLIOS | ||
| 650 | _aBEST VALUE | ||
| 690 | _aLOCAL GOVERNMENT | ||
| 700 | _aDunne, V. | ||
| 942 | _n0 | ||
| 999 |
_c63518 _d63518 |
||